000 00364nam a22001337a 4500
082 _aP199
100 _aFarrukh Bashir.
_947968
245 _aComputer aided design of RCC footing/
_bFarrukh Bashir, Aamir Mehmood.
260 _aMCE
_c2001.
526 _a0
_b0
_c0
_dP_000000000000000_199
650 _aProject.
700 _aMuhammad Iqbal.
_94316
942 _2ddc
_cBK
999 _c551034
_d551034